| 000 | 00627cam a22002052 4500 | ||
|---|---|---|---|
| 001 | 0000000260 | ||
| 005 | 20151021151043.0 | ||
| 008 | 070118s xx 000 0 eng d | ||
| 020 |
_a1565925246 : _cKES 2,800 |
||
| 040 |
_aKABU _cKABU |
||
| 050 | 0 |
_aQA76.73 _b.B3R66 |
|
| 100 | 1 |
_aRoman, Steven. _@0000148351 |
|
| 245 | 1 | 0 |
_aLearning Word programming / _cSteven Roman. |
| 260 |
_aCambridge : _bO'Reilly, _c1998. |
||
| 300 | _axviii, 388 p. | ||
| 650 | 0 |
_aMicrosoft Visual BASIC (Computer program language) _@0000148353 |
|
| 908 | _a070118 | ||
| 950 | _@1 | ||
| 999 |
_c121 _d121 |
||